| 000 | 00550nam a2200205Ia 4500 | ||
|---|---|---|---|
| 005 | 20250425161025.0 | ||
| 008 | 250425s9999 xx 000 0 und d | ||
| 041 | _aspa | ||
| 082 | _a658 | ||
| 100 | _aBLAKE, LAMONT V. | ||
| 245 | 0 | _aDESARROLLO ORGANIZACIONAL: EL MODELO DE CUADRO ORGANIZACIONAL GRID | |
| 250 | _a1A ED. | ||
| 260 | _aBOGOTA | ||
| 260 |
_aColombia _bFONDO EDUCATIVO INTERAMERICANO _c1973 |
||
| 300 | _a133 | ||
| 650 | _aADMINISTRACION DE EMPRESAS | ||
| 650 | _aDESARROLLO ORGANIZACIONAL | ||
| 942 | _c01 | ||
| 010 | _a10827 | ||
| 999 |
_c200887 _d200887 |
||